| 000 | 01679nam0a2200325 4500 | ||
|---|---|---|---|
| 001 | RU\NLR\bibl\1507310 | ||
| 005 | 20260405195731.0 | ||
| 010 |
_a978-5-8465-9876-8 _9500 _b40 |
||
| 035 | _a(NLR Aleph) 001498726 | ||
| 090 |
_a1790849 _c1790849 |
||
| 100 | _a20100504d2010 |||y0rusy50 ca | ||
| 101 | 0 | _arus | |
| 102 | _aRU | ||
| 105 | _ay ||||||||| | ||
| 200 | 1 |
_aРоман Олега Ермакова "Знак зверя" _fО. Ключинская _gС.-Петерб. гос. ун-т, Фак. филологии и искусств |
|
| 210 |
_aСанкт-Петербург _cОНУТ Факультета филологии и искусств Санкт-Петербургского государственного университета _d2010 |
||
| 215 |
_a46 с. _d21 |
||
| 225 | 1 |
_aЛитературные направления и течения _vвып. 40 |
|
| 320 | _aБиблиогр. в подстроч. примеч. | ||
| 500 | 1 | 0 |
_6z99702 _aЗнак зверя |
| 604 |
_1700#1$aЕрмаков$bО. Н.$gОлег Николаевич$f1961 _150010$a"Знак зверя"$2nlr_sh2$3RU\NLR\AUTH\661534051 _aЕрмаков, Олег Николаевич (1961) _t"Знак зверя" _92596359 _3RU\NLR\AUTH\661534051 |
||
| 686 | _aШ5(2=Р)7-4Ермаков | ||
| 700 | 1 |
_4070 _8rus _7ca _aКлючинская _bО. В. _gОльга Валерьевна _3RU\NLR\auth\7787398 _970326 |
|
| 702 | 1 |
_4570 _8rus _7ca _aЕрмаков _bО. Н. _f1961- _gОлег Николаевич _3RU\NLR\auth\7787399 _970327 |
|
| 801 | 0 |
_aRU _bNLR _c20100504 _gRCR |
|
| 801 | 1 |
_aRU _bNLR _c20100504 |
|
| 830 | _aавт. по к.н | ||
| 942 | _cBOOK | ||
| 980 | _aNB | ||